000 00343nam a2200157Ia 4500
003 OSt
005 20231121044347.0
008 170524s9999 xx 000 0 und d
020 _a0-19-568911-9
040 _cIIMT
100 _aRoday Sunetra
245 0 _aFood Science and Nutrition
260 _bOxford
260 _c2007
942 _2ddc
_c02
999 _c7488
_d7488